|
|
|
|
| LEADER |
01944nam a22004694a 4500 |
| 001 |
EBC3050634 |
| 003 |
MiAaPQ |
| 005 |
20200520144314.0 |
| 006 |
m o d | |
| 007 |
cr cn||||||||| |
| 008 |
030922s2004 dcua sb i001 0 eng |
| 010 |
|
|
|z 2003066254
|
| 020 |
|
|
|z 0821356496
|
| 035 |
|
|
|a (MiAaPQ)EBC3050634
|
| 035 |
|
|
|a (Au-PeEL)EBL3050634
|
| 035 |
|
|
|a (CaPaEBR)ebr10046591
|
| 035 |
|
|
|a (CaONFJC)MIL8640
|
| 035 |
|
|
|a (OCoLC)913715482
|
| 040 |
|
|
|a MiAaPQ
|c MiAaPQ
|d MiAaPQ
|
| 050 |
|
4 |
|a HG4538.5
|b .B7 2004
|
| 082 |
0 |
4 |
|a 368/.094
|2 22
|
| 245 |
0 |
4 |
|a The brave new world
|h [electronic resource] /
|c edited by Theodore H. Moran.
|
| 260 |
|
|
|a Washington, DC :
|b World Bank,
|c c2004.
|
| 300 |
|
|
|a xi, 238 p. :
|b ill.
|
| 490 |
1 |
|
|a International political risk management ;
|v v. 2
|
| 500 |
|
|
|a Based on the MIGA-Georgetown University Symposium on International Political Risk Management, held at Georgetown University on Oct. 25, 2002.
|
| 504 |
|
|
|a Includes bibliographical references and index.
|
| 533 |
|
|
|a Electronic reproduction. Ann Arbor, MI : ProQuest, 2015. Available via World Wide Web. Access may be limited to ProQuest affiliated libraries.
|
| 650 |
|
0 |
|a Investment guaranty insurance.
|
| 650 |
|
0 |
|a Risk (Insurance)
|
| 650 |
|
0 |
|a Country risk.
|
| 650 |
|
0 |
|a Investments, Foreign.
|
| 650 |
|
0 |
|a International business enterprises.
|
| 650 |
|
0 |
|a Risk management
|x Political aspects.
|
| 650 |
|
0 |
|a September 11 Terrorist Attacks, 2001
|x Economic aspects.
|
| 650 |
|
0 |
|a Risk (Insurance)
|z Argentina.
|
| 655 |
|
4 |
|a Electronic books.
|
| 700 |
1 |
|
|a Moran, Theodore H.,
|d 1943-
|
| 710 |
2 |
|
|a ProQuest (Firm)
|
| 711 |
2 |
|
|a MIGA-Georgetown University Symposium on International Political Risk Management
|d (2002 :
|c Georgetown University)
|
| 830 |
|
0 |
|a International political risk management ;
|v v. 2.
|
| 856 |
4 |
0 |
|u https://ebookcentral.proquest.com/lib/matrademy/detail.action?docID=3050634
|z Click to View
|